Statistics for [Geometry Dash] Circles Levels

Click here to take the quiz!

General Stats

  • This quiz has been taken 69 times
    (23 since last reset)
  • The average score is 56 of 184

Answer Stats

Creator(s)Answer% Correct
InsaneXorozNine Circles
100%
Hard DemonZobrosNine Circles
100%
Hard DemonmkComicFairydust
92%
Extreme DemonCyclicSonic Wave
92%
Extreme DemonNick24 + DrCuber + korewa + Muffy450 + Renn241 + endevvor + Mzero + NineDice + GhostVandalfSakupen Circles
85%
Extreme DemonAPTeam + RiotSonic Wave Infinity
85%
Hard DemonZenthicAlphaJawbreaker
77%
Easy DemonDhafinProblematic
77%
Extreme DemonTemp + ItsHybrid + HJfodBalengu Vortex
69%
Extreme DemonPennutohBausha Vortex
69%
Extreme DemonPennutoh + EnlexGeneric Wave
69%
Easy Demonstartorinfinite circles
69%
Insane DemonAndromedaPoltergeist
69%
Extreme DemonSerponge + FunnyGameSonic Wave Rebirth
69%
Easy DemonRulasUltra Paracosm
69%
Extreme DemonMetalface221 + ViRuZ + EndLevelArctic Lights
62%
Insane DemonRedUniverseCrimson Clutter
62%
Extreme DemonSpectraDown Bass
62%
Insane DemonEndLevel + JakeN2436 + Metalface221Flat Major
62%
Easy DemonNacho21Retro Circles
62%
Hard Demonkavalsharp
62%
Insane DemonGiron + ASonicMenSharp Minor
62%
Easy DemonRlol + Axxorz + Moufi + Gibbon + Darwin + TiTiTrump Circles
62%
Easy DemonLincoButterfly Effect
54%
Extreme DemonAPTeam + Riot + Cyclic + Shiryuu7 + SunixCosmic Cyclone
54%
Extreme DemonViRuZ + TheRealSneakyHyper Paracosm
54%
Insane DemonViPriN + Zobros + RustamNine CircleX
54%
Extreme DemonThePrimeEvil + PennutohPoltergeist Reborn
54%
Easy Demonch4lie03Ratio Circles
54%
Hard DemonZoroaRing Trick
54%
Extreme DemonDeniPol + NormDanchikTenth Circle
54%
Easy DemonSUOMIUltimate Circles
54%
Extreme DemonEndLevel + El3cTr0 + LimeAquatic Auroras
46%
Hard DemonMinesapAstronaut 13
46%
Medium DemonDzeser + VERSU5Astronaut 13
46%
Hard DemonSirZaiss + Alfian10Astronaut 14
46%
Insane DemonfishbassFishbass
46%
Easy DemonZoroaHue Effect
46%
Medium DemonRulasUltra Fairydust
46%
Medium DemonPanBlacklight
38%
Insane DemonfishbassCarp Minor
38%
Insane DemonVERSU5classic
38%
Hard DemonRayOriensClassical
38%
Hard DemonHakkouClassical
38%
Insaned4sh3rclassical
38%
Insane DemonKnobbelboyCrying Souls
38%
InsaneDORABAEdorabaebasic10
38%
Medium DemonCrisPy DashFear Me
38%
Medium DemonGlittershroomFigures
38%
Medium Demonartimielfractured circles
38%
Extreme DemonCersia + Declan + GrenadeofTacosFriday Vortex
38%
Easy Demonkr1jHamDuck Vortex
38%
Hard DemonToxicHeadrush
38%
HardRockstr99If 9 Circles was Lv1
38%
Medium DemonNacho21Invisible Light
38%
Extreme DemonjanuchaMolten Core
38%
Medium DemonN1XOParacosm Circles
38%
Insane DemonDoramiSine Wavs
38%
Extreme DemonSyQual + VoTcHiThe Hallucination
38%
Medium DemonsoftableThe Realistic
38%
Insane DemonSeveranceDThe RealistiK
38%
Hard DemonKeiAsWindy Circles
38%
Extreme DemonMetalface221Abandoned Planet
31%
Extreme DemonJakalope + royen + ValentlneAstrophobia
31%
Extreme DemonroyenAzurite
31%
Extreme DemonIcEDCaveCat Planet
31%
Hard DemonTerron + Darwin + KipsDespacito Circles
31%
Medium DemonDeaychawooEvil
31%
Extreme DemonSillowFIREPOWER
31%
Insane DemonItzMika + CloverPhoenixFrozen Jawbreaker
31%
Hard DemonTerronGolden Hope
31%
Extreme DemonIris + Skrypto + YoonsrDynamixHateful Reflection
31%
Extreme DemonItsHybrid + El3cTr0 + Avati + ViralDl + SyQual + ConVet + TempHyper Paradox
31%
NormalMorpheiXIf Fairydust was L1
31%
InsaneCrisPy DashIf Sonic Wave was L1
31%
Insane DemonGMDomyinfinite circles v2
31%
Medium DemonRustamNine Circles XII
31%
Hard DemonAllanQuasar
31%
Medium DemonD4rkGryfSolar Circles
31%
Extreme DemonLinear + RynoxiousSolar Flare
31%
Easy DemonSUOMISpace Circles
31%
Hard DemonVadiSparkling Hope
31%
Medium DemonShemoTengu Wind
31%
Insane Demonroyen + Demented + Great + HenryDS + Functionxd + Silver + GrenadeofTacos + PlasmaShock + Monti + JakalopeThe Mines Circles
31%
Hard Demonclassic10tipo B
31%
Hard DemonRulasUltra Circles
31%
AutoStreeetkytXenogenesis
31%
Easy DemonWintterZXCircleS
31%
Medium DemonRustereACCELERATOR
23%
Insane DemonMetalface221Apollo 13
23%
Medium DemonZerenityBroken Reality
23%
Easy DemondongchiEnd Line
23%
Insane DemonnyseoulFalling Stars
23%
Medium DemonSubwooferflea
23%
Hard DemonThe181 + ThatKaiFnafbass
23%
InsaneThe Goola + NukeIIX + Kreno + Jaxz + Deex3 + Sparkendary + Alasstor + ReinncloudGeneric wave iii
23%
NormalSUOMIIf Jawbreaker Was L1
23%
Insane DemonLP44In Cargill
23%
EasyTwisterDude161iPhone Redux
23%
InsaneJustJohnJoshua Vortex
23%
Medium DemonShemoMeteoric Debris
23%
Extreme DemonYGYoshIMujigae
23%
Insane DemonMaxyland + Furix + Irving Soluble + Abdula + DaxFan + DHaner + Subzell + Liepard + DubsCNine Paws
23%
Hard DemonFaKobParacosm XII
23%
Insane DemonLiccho + xSolarPlanet Circles
23%
Insane DemonAkari + Shiryuu7pulsar
23%
Easy DemonMisterBeanSemiCircles
23%
Hard DemonHavokSilhouette
23%
Hard DemonZeus9Sweet Dreams
23%
InsaneIrikathe realistik v2
23%
Insane DemonMetalface221Undergound
23%
HarderGDMaziiValk
23%
InsanePwohnaWestern VorteX
23%
Insane Demonvit12 + Itocp + Jhemyson + babaca + ZrKiphal + HugoLA + Kaminarix + Nidro + BioHistoria + LChaseR + Starlink + Sage + Ivanpercie + jvsTSXZacarias
23%
HarderAlasstorAboR DebanK
15%
Harderxexeelproa mixed of colors
15%
Insane DemonLmAnubisAntique Circles
15%
Hardermatt88astronaut circles
15%
Medium DemonFairfax + RehanZBakuretsu
15%
AutoCaptain JackBeginning of Colours
15%
Insane DemonLalterCatastrophic
15%
Extreme DemonNateFHcerebral hemorrhage
15%
HardTheRealMhikeChaoz Devotion
15%
Hard DemonEllixium + XaveriousCirculatum
15%
HardBridgetTheCrocoCrocles
15%
InsaneCloverPhoenixDubby wave
15%
HardSlashGHdubsteps
15%
HarderBamkiiEighto Circles
15%
InsaneZukulentoOFAYRDUST
15%
InsaneDylChill616 + ItzCheesy + ChilliusFor The Taking
15%
Insane DemonKeiAsFuture Circles
15%
InsaneMilesman34Future Circles
15%
InsaneTheRealSaladGenesis
15%
Insane DemonMegaOofHaywire
15%
EasyMofferHoly balls a solO
15%
Normalstartorif infinite c was l1
15%
Hard DemonJo2000Infernity
15%
HarderVegasKonekoKirby Circle
15%
AutoJcglasserlightsaber battle
15%
AutoDesx74Machina
15%
Hard DemonCarminiusMehdi
15%
Harderbunchmisty circles
15%
AutoJKM + KruligMlg Swag Circles
15%
HarderBuine12Moonbeam
15%
InsaneBIGMAC77Nine caveS
15%
Hard DemonGamerKnight750Nomostros Cosmos
15%
Harderjomax23platforms of dusk
15%
InsaneTotoPopcorn
15%
Insane DemonToxYc + NetrinPower
15%
Insane DemonspuddlesPsychedelic Circles
15%
InsaneMeVvReality
15%
NormalGiggsRHSadge
15%
InsaneGoodbye GDThe Screamroom
15%
Insane DemonMetalface221The Secret Box
15%
HarderJaxxn + BowtieTriple A
15%
Insanepineapplevesuve
15%
InsaneGDMaziiZaana
15%
HarderCTJustSpam6534
8%
HardLaminerAltereffect
8%
Medium DemonZyzyxAnotherCircles
8%
AutoSolidizedAutosonic
8%
InsaneSemispace + AzADark matter
8%
InsaneNemsyDimensional
8%
Insanemrvector2003Drop Out
8%
AutoPoliDual Extreme
8%
InsaneDimenEntrance
8%
InsaneMegaman9Friday Night
8%
InsaneTheNoWeekerGroovy Circles
8%
InsaneNukeNachoHeartBreaker
8%
HardaraoroIndustrial Abyss
8%
HarderMarryhunInfinity BASICIRCLES
8%
Hardpineapplenew stereo madness
8%
HardBridgetTheCrocoPAHCles
8%
InsaneTrigoniX01Rising Circles
8%
HarderBridgetTheCrocoSparkscles
8%
InsaneTenu + Jordi6304Spectral Nebula
8%
HarderAquarelasStar rain
8%
Insane DemonMotuSuperNova
8%
HarderDYSCOTechnological Meadow
8%
Insane DemonBibbyDib11Through The Aether
8%
HarderRenn241Umbra Lev Iathan
8%
NormaliFuseWhats Good
8%
HarderMaziiZen
8%
HarderImSamoHurbanovo
0%

Score Distribution

Percentile by Number Answered

Percent of People with Each Score

Your Score History

You have not taken this quiz since the last reset